000 01536cam a2200229 4500
001 ABS66183
008 021202n2002 000 0 eng u
035 _a(Sirsi) u120630
100 _aMerricks, P
245 _aGaining environmental benefits from positive land management: practical experience from the north Kent marshes
260 _c2002
490 _aFarm Management
_v11(6) October 2002, 379-386(5)
520 _aArgues that a better way of providing environmental benefits is to clarify the objectives of environmental policy and to link payments more directly to the achievement of those objectives. Experience at Elmley shows how this has been achieved in the UK. The 1200ha Elmley Estate is managed both as a working farm and as the Elmley National Nature Reserve: the whole estate falls within the North Kent Marshes Environmentally Sensitive Area and now supports a greater number of breeding waders than any other lowland wet grassland site in England and Wales. This growth in wildlife has been achieved through positive management of water levels and the grazing of sheep and cattle together with other land management techniques. It provides a successful example of practical and integrated farm management producing prime quality store livestock and greatly increased wildlife.
590 _aABS
650 _aENVIRONMENTAL MANAGEMENT
650 _aCOUNTRYSIDE STEWARDSHIP
650 _aWILDLIFE
650 _aWETLANDS
650 _aFARM MANAGEMENT
690 _aRURAL-NATURE CONSERVATION
942 _n0
999 _c71680
_d71680